Strategic management (Record no. 37212)
[ view plain ]
| 000 -LEADER | |
|---|---|
| fixed length control field | 00667nam a22001937a 4500 |
| 005 - DATE AND TIME OF LATEST TRANSACTION | |
| control field | 20100722140615.0 |
| 010 ## - LCCN (DPL NO) | |
| LC control number | ENG-96768 |
| 020 ## - INTERNATIONAL STANDARD BOOK NUMBER | |
| International Standard Book Number | 9788120338098 |
| Terms of availability | 250.00 |
| 035 ## - SYSTEM CONTROL NUMBER | |
| System control number | EN-80301 |
| 037 ## - SOURCE OF ACQUISITION | |
| Source of stock number/acquisition | DBAD/PUB |
| 082 ## - DEWEY DECIMAL CLASSIFICATION NUMBER | |
| Classification number | 658.4012 |
| 100 ## - MAIN ENTRY--PERSONAL NAME | |
| Personal name | Prasad, Kesho |
| 245 ## - TITLE STATEMENT | |
| Title | Strategic management |
| Remainder of title | Text and cases / |
| Statement of responsibility, etc | by Kesho Prasad |
| 260 ## - PUBLICATION, DISTRIBUTION, ETC. (IMPRINT) | |
| Place of publication, distribution, etc | New Delhi |
| Name of publisher, distributor, etc | phi learning |
| Date of publication, distribution, etc | 2009 |
| 270 ## - ADDRESS | |
| Address | M-97 connaught circus |
| 300 ## - PHYSICAL DESCRIPTION | |
| Extent | xiii, 286 p |
| Dimensions | 22cm(pbk) |
| 942 ## - ADDED ENTRY ELEMENTS (KOHA) | |
| Source of classification or shelving scheme | Dewey Decimal Classification |
| Item type | English Books |
| Classification part | 658.4012 |
| Call number suffix | PRA |
| Withdrawn status | Lost status | Not for loan | Home library | Current library | Date acquired | Source of acquisition | Cost, normal purchase price | Full call number | Barcode | Copy number | Cost, replacement price | Koha item type |
|---|---|---|---|---|---|---|---|---|---|---|---|---|
| Not For Loan | D.B.Act.Division | D.B.Act.Division | 22/07/2010 | DBAD/PUB | 250.00 | 658.4012 PRA | EN-80301 | 1 | 250.00 | English Books |
